Представление документа в формате RUSMARC

ПолеНазваниеЗначение
  Тип записи a
  Библиографический уровень m
001 Контрольный номер Book/5967
005 Дата корректировки 20240704112422.7
010 Индекс ISBN __
a ISBN 978-985-513-487-0
b Уточнения в пер.
9 Тираж 3 050 экз.
d Цена 230 р. 00 к.
090 Данные записи __
a Состояние записи 38.639
b Тип записи Книги
c Язык записи Русский
d Отрасль знаний (КСУ) Другая
e Секретность Несекретно
g Вид записи Монография (однотомник)
x Дата передачи записи для обработки О-17
100 Данные общей обработки __
a Данные общей обработки 20100826d2013 u u 1rusy ||||ca
101 Язык документа 0_
a Язык текста rus
105 Кодированные данные (монография) __
a Кодированные данные (монография) a z 000yy
200 Заглавие и сведения об ответственности 1_
a Заглавие Облицовщик - плиточник
g Последующие сведения об ответственности сост. В. А. Барановский, Е. А. Банников
210 Выходные данные 1_
a Место издания Минск
c Издательство Современная школа
d Дата издания 2009
215 Физическое описание __
a Объем 192 с.
c Иллюстрации/тип воспроизводства ил.
d Формат см.
300 Общие примечания __
a Общие примечания 16+
606 Тематические рубрики 0_
a Основная рубрика Отделочные работы
610 Ключевые слова 0_
a Ключевые слова отделочные работы; мозаичные работы; устройство полов; полы с подогревом; керамические плитки; строительство
686 Индексы других классификаций __
a Классификационный индекс 38.639
2 Код системы rubbk
702 Вторичная интеллектуальная ответственность _1
a Фамилия Барановский
b Имя (инициалы) В. А.
702 Вторичная интеллектуальная ответственность _1
a Фамилия Банников
b Имя (инициалы) Е. А.
801 Источник записи _0
a Страна RU
b Организация МБУК ЦБС г. Ульяновска
c Дата составления 20100826
801 Источник записи _1
a Страна RU
b Организация МБУК ЦБС г. Ульяновска
c Дата составления 20100826
852 Данные о местонахождении __
i Авторский знак О-17
j Шифр хранения 38.639
899 Данные о местонахождении __
3 Книга № 11688
a Местонахождение 3 ф
d Название фонда Инв.книга №1
q Состояние Свободно
x Инвентарный номер 140690